Statistics for New York City Q Train Stops With Route

Click here to take the quiz!

General Stats

  • This quiz has been taken 61 times
  • The average score is 26 of 34

Answers on the Map

Answers color-coded by a green-red scale on the quiz's map according to % correct below.
 

Answer Stats

BoroughStation ServiceAnswer% Correct
ManhattanFULL-TIME96 St
94%
ManhattanFULL-TIME14 St - Union Sq
89%
ManhattanFULL-TIME34 St - Herald Sq
89%
ManhattanFULL-TIME86 St
89%
ManhattanFULL-TIMECanal St
89%
ManhattanFULL-TIMETimes Square - 42 St
89%
ManhattanFULL-TIME72 St
83%
BrooklynFULL-TIMEAtlantic Av - Barclays Ctr
83%
BrooklynFULL-TIMEConey Island - Stillwell Av
83%
BrooklynFULL-TIMEDeKalb Av
83%
ManhattanFULL-TIMELexington Av - 63 St
83%
ManhattanLATE-NIGHT23 St
78%
BrooklynFULL-TIME7 Av
78%
ManhattanLATE-NIGHT8 St - NYU
78%
BrooklynFULL-TIMEBrighton Beach
78%
BrooklynFULL-TIMEKings Hwy
78%
BrooklynFULL-TIMENeck Rd
78%
BrooklynFULL-TIMEOcean Pkwy
78%
BrooklynFULL-TIMESheepshead Bay
78%
ManhattanLATE-NIGHT28 St
72%
ManhattanLATE-NIGHT49 St
72%
ManhattanFULL-TIME57 St - 7 Av
72%
BrooklynFULL-TIMEAv J
72%
BrooklynFULL-TIMEAv M
72%
BrooklynFULL-TIMEAv U
72%
BrooklynFULL-TIMEChurch Av
72%
BrooklynFULL-TIMENewkirk Plaza
72%
BrooklynFULL-TIMEParkside Av
72%
ManhattanLATE-NIGHTPrince St
72%
BrooklynFULL-TIMEProspect Park
72%
BrooklynFULL-TIMEAv H
67%
BrooklynFULL-TIMEBeverley Rd
67%
BrooklynFULL-TIMECortelyou Rd
67%
BrooklynFULL-TIMEWest 8 St - NY Aquarium
67%

Score Distribution

Percentile by Number Answered

Percent of People with Each Score

Your Score History

You have not taken this quiz